00234 a2200121 4500001000700000020000600007040001100013100002300024240002700047245002200074300000700096362000900103190787 a  cMagnum aBueno, Maria Celia10aMisturando versoslpor10aMisturando versos a280 a1986